[Event "DEM U14w 2025"]
[Site "Willingen GER"]
[Date "2025.06.09"]
[Round "3"]
[White "Bakó, Isabella"]
[Black "Margaryan, Mane"]
[Result "1-0"]
[Termination "normal"]
[Board "12"]
[WhiteElo "1654"]
[BlackElo "1519"]
[WhiteClock "00:03:04"]
[BlackClock "00:00:35"]
[PlyCount "71"]
[WhiteFideId "16287266"]
[BlackFideId "16268237"]
[EventCountry "GER"]
[EventRounds "9"]
[EventType "swiss"]
[EventDate "2025.06.07"]

1. d4 {[%clk 01:30:54]} {[%emt 00:00:05]} Nf6 {[%clk 01:30:56]} {[%emt
00:00:04]} 2. Nf3 {[%clk 01:31:19]} {[%emt 00:00:05]} c5 {[%clk 01:31:21]}
{[%emt 00:00:05]} 3. e3 {[%clk 01:31:09]} {[%emt 00:00:41]} e6 {[%clk
01:30:51]} {[%emt 00:01:00]} 4. Bd3 {[%clk 01:29:30]} {[%emt 00:02:09]} d5
{[%clk 01:29:49]} {[%emt 00:01:31]} 5. b3 {[%clk 01:29:44]} {[%emt 00:00:16]}
Bd6 {[%clk 01:26:09]} {[%emt 00:04:11]} 6. Bb2 {[%clk 01:29:23]} {[%emt
00:00:51]} h6 {[%clk 01:23:39]} {[%emt 00:03:00]} 7. Nbd2 {[%clk 01:22:56]}
{[%emt 00:06:57]} Nc6 {[%clk 01:12:28]} {[%emt 00:11:41]} 8. a3 {[%clk
01:19:00]} {[%emt 00:04:26]} cxd4 {[%clk 01:06:15]} {[%emt 00:06:43]} 9. exd4
{[%clk 01:18:42]} {[%emt 00:00:49]} O-O {[%clk 01:02:57]} {[%emt 00:03:48]} 10.
O-O {[%clk 01:09:31]} {[%emt 00:09:40]} b6 {[%clk 00:54:28]} {[%emt 00:08:59]}
11. Ne5 {[%clk 01:08:49]} {[%emt 00:01:12]} Bb7 {[%clk 00:49:58]} {[%emt
00:05:00]} 12. Qe1 {[%clk 01:04:03]} {[%emt 00:05:16]} Nd7 {[%clk 00:40:48]}
{[%emt 00:09:39]} 13. f4 {[%clk 01:01:43]} {[%emt 00:02:50]} Ndxe5 {[%clk
00:37:46]} {[%emt 00:03:33]} 14. fxe5 {[%clk 01:00:01]} {[%emt 00:02:12]} Be7
{[%clk 00:37:37]} {[%emt 00:00:38]} 15. Rf4 {[%clk 00:46:17]} {[%emt 00:14:13]}
Bg5 {[%clk 00:36:47]} {[%emt 00:01:22]} 16. Rf3 {[%clk 00:40:50]} {[%emt
00:05:57]} a5 {[%clk 00:15:36]} {[%emt 00:21:41]} 17. Qe2 {[%clk 00:34:28]}
{[%emt 00:06:51]} a4 {[%clk 00:06:19]} {[%emt 00:09:47]} 18. b4 {[%clk
00:33:30]} {[%emt 00:01:29]} Ne7 {[%clk 00:01:45]} {[%emt 00:05:03]} 19. g3
{[%clk 00:23:42]} {[%emt 00:10:19]} Ng6 {[%clk 00:01:02]} {[%emt 00:01:13]} 20.
Raf1 {[%clk 00:21:15]} {[%emt 00:02:56]} Qc7 {[%clk 00:00:59]} {[%emt
00:00:34]} 21. Nb1 {[%clk 00:18:27]} {[%emt 00:03:18]} Rac8 {[%clk 00:00:38]}
{[%emt 00:00:51]} 22. Qf2 {[%clk 00:18:09]} {[%emt 00:00:47]} Nh8 {[%clk
00:00:44]} {[%emt 00:00:24]} 23. Nc3 {[%clk 00:14:08]} {[%emt 00:04:32]} Qd7
{[%clk 00:00:54]} {[%emt 00:00:20]} 24. b5 {[%clk 00:13:10]} {[%emt 00:01:28]}
Ra8 {[%clk 00:01:00]} {[%emt 00:00:23]} 25. Ne2 {[%clk 00:11:43]} {[%emt
00:01:57]} Rac8 {[%clk 00:00:57]} {[%emt 00:00:33]} 26. h4 {[%clk 00:09:57]}
{[%emt 00:02:16]} Be7 {[%clk 00:01:05]} {[%emt 00:00:23]} 27. Nf4 {[%clk
00:09:54]} {[%emt 00:00:33]} Rc7 {[%clk 00:00:45]} {[%emt 00:00:50]} 28. c3
{[%clk 00:04:47]} {[%emt 00:05:37]} Rcc8 {[%clk 00:00:41]} {[%emt 00:00:34]}
29. Qc2 {[%clk 00:05:00]} {[%emt 00:00:17]} g6 {[%clk 00:00:38]} {[%emt
00:00:33]} 30. h5 {[%clk 00:04:44]} {[%emt 00:00:46]} g5 {[%clk 00:00:39]}
{[%emt 00:00:29]} 31. Ng2 {[%clk 00:03:47]} {[%emt 00:01:27]} Ra8 {[%clk
00:00:35]} {[%emt 00:00:34]} 32. Ne3 {[%clk 00:02:59]} {[%emt 00:01:18]} g4
{[%clk 00:00:36]} {[%emt 00:00:29]} 33. Nxg4 {[%clk 00:03:02]} {[%emt
00:00:27]} Bg5 {[%clk 00:00:36]} {[%emt 00:00:30]} 34. Bc1 {[%clk 00:02:43]}
{[%emt 00:00:49]} Kg7 {[%clk 00:00:35]} {[%emt 00:00:31]} 35. Bxg5 {[%clk
00:02:47]} {[%emt 00:00:27]} Rab8 {[%clk 00:00:35]} {[%emt 00:00:30]} 36. Bxh6+
{[%clk 00:03:04]} {[%emt 00:00:12]} 1-0

[Event "DEM U14w 2025"]
[Site "Willingen GER"]
[Date "2025.06.09"]
[Round "3"]
[White "Börner, Emma Charlotte"]
[Black "Werner, Amelie"]
[Result "1-0"]
[Termination "normal"]
[Board "13"]
[WhiteElo "1655"]
[BlackElo "1544"]
[WhiteClock "00:13:47"]
[BlackClock "00:16:10"]
[PlyCount "117"]
[WhiteFideId "34637907"]
[BlackFideId "34639900"]
[EventCountry "GER"]
[EventRounds "9"]
[EventType "swiss"]
[EventDate "2025.06.07"]

1. e4 {[%clk 01:30:57]} {[%emt 00:00:01]} c5 {[%clk 01:30:55]} {[%emt
00:00:06]} 2. Nf3 {[%clk 01:31:22]} {[%emt 00:00:05]} Nc6 {[%clk 01:31:20]}
{[%emt 00:00:05]} 3. d4 {[%clk 01:31:46]} {[%emt 00:00:06]} cxd4 {[%clk
01:31:46]} {[%emt 00:00:04]} 4. Nxd4 {[%clk 01:32:10]} {[%emt 00:00:06]} g6
{[%clk 01:32:10]} {[%emt 00:00:06]} 5. c4 {[%clk 01:32:24]} {[%emt 00:00:16]}
Bg7 {[%clk 01:32:25]} {[%emt 00:00:16]} 6. Be3 {[%clk 01:32:33]} {[%emt
00:00:20]} Nf6 {[%clk 01:32:29]} {[%emt 00:00:26]} 7. Nc3 {[%clk 01:32:53]}
{[%emt 00:00:10]} O-O {[%clk 01:32:48]} {[%emt 00:00:11]} 8. Be2 {[%clk
01:32:54]} {[%emt 00:00:28]} Nxd4 {[%clk 01:31:06]} {[%emt 00:02:13]} 9. Bxd4
{[%clk 01:32:29]} {[%emt 00:00:55]} d6 {[%clk 01:31:18]} {[%emt 00:00:18]} 10.
O-O {[%clk 01:28:06]} {[%emt 00:04:52]} Bd7 {[%clk 01:28:54]} {[%emt 00:02:56]}
11. c5 {[%clk 01:23:05]} {[%emt 00:05:31]} Bc6 {[%clk 01:18:42]} {[%emt
00:10:42]} 12. f3 {[%clk 01:18:56]} {[%emt 00:04:37]} Qd7 {[%clk 01:12:25]}
{[%emt 00:06:48]} 13. cxd6 {[%clk 01:15:05]} {[%emt 00:04:20]} Qxd6 {[%clk
01:12:26]} {[%emt 00:00:30]} 14. e5 {[%clk 01:13:51]} {[%emt 00:01:44]} Qc7
{[%clk 01:06:58]} {[%emt 00:05:58]} 15. exf6 {[%clk 01:13:56]} {[%emt
00:00:25]} exf6 {[%clk 01:07:23]} {[%emt 00:00:04]} 16. Bf2 {[%clk 01:11:01]}
{[%emt 00:03:25]} a6 {[%clk 01:03:15]} {[%emt 00:04:39]} 17. Rc1 {[%clk
01:05:20]} {[%emt 00:06:11]} Rad8 {[%clk 01:01:55]} {[%emt 00:01:50]} 18. Qb3
{[%emt 00:03:40]} Qf4 {[%clk 00:51:37]} {[%emt 00:08:30]} 19. Rfd1 {[%clk
00:56:39]} {[%emt 00:08:19]} Bh6 {[%clk 00:34:40]} {[%emt 00:17:27]} 20. Bc4
{[%clk 00:40:48]} {[%emt 00:16:21]} Qb8 {[%clk 00:17:27]} {[%emt 00:17:43]} 21.
Rb1 {[%clk 00:31:52]} {[%emt 00:09:26]} b5 {[%clk 00:14:58]} {[%emt 00:02:59]}
22. Bd5 {[%clk 00:30:01]} {[%emt 00:02:20]} Bd7 {[%clk 00:15:11]} {[%emt
00:00:18]} 23. Bc5 {[%clk 00:29:08]} {[%emt 00:01:22]} a5 {[%clk 00:11:49]}
{[%emt 00:03:52]} 24. Bxf8 {[%clk 00:24:32]} {[%emt 00:05:06]} Bxf8 {[%clk
00:12:13]} {[%emt 00:00:06]} 25. a4 {[%clk 00:20:30]} {[%emt 00:04:32]} Qa7+
{[%clk 00:10:33]} {[%emt 00:02:10]} 26. Kh1 {[%clk 00:19:13]} {[%emt 00:01:45]}
bxa4 {[%clk 00:10:49]} {[%emt 00:00:16]} 27. Qb7 {[%clk 00:18:15]} {[%emt
00:01:28]} Qe3 {[%clk 00:09:55]} {[%emt 00:01:25]} 28. Bxf7+ {[%clk 00:16:31]}
{[%emt 00:02:13]} Kxf7 {[%clk 00:09:20]} {[%emt 00:01:06]} 29. Rxd7+ {[%clk
00:16:44]} {[%emt 00:00:16]} Rxd7 {[%clk 00:09:45]} {[%emt 00:00:06]} 30. Qxd7+
{[%clk 00:16:18]} {[%emt 00:00:56]} Kg8 {[%clk 00:10:01]} {[%emt 00:00:14]} 31.
Nd5 {[%clk 00:13:54]} {[%emt 00:02:53]} Qe5 {[%clk 00:10:00]} {[%emt 00:00:31]}
32. f4 {[%clk 00:12:11]} {[%emt 00:02:14]} Qf5 {[%clk 00:08:20]} {[%emt
00:02:09]} 33. Qxf5 {[%clk 00:12:12]} {[%emt 00:00:29]} gxf5 {[%clk 00:08:47]}
{[%emt 00:00:04]} 34. Nxf6+ {[%clk 00:12:27]} {[%emt 00:00:15]} Kg7 {[%clk
00:09:12]} {[%emt 00:00:05]} 35. Nd7 {[%clk 00:11:33]} {[%emt 00:01:23]} Bd6
{[%clk 00:09:26]} {[%emt 00:00:16]} 36. Ra1 {[%clk 00:11:05]} {[%emt 00:00:58]}
Bxf4 {[%clk 00:09:37]} {[%emt 00:00:19]} 37. Rxa4 {[%clk 00:10:58]} {[%emt
00:00:37]} Bd2 {[%clk 00:10:03]} {[%emt 00:00:05]} 38. Nb8 {[%clk 00:10:38]}
{[%emt 00:00:49]} Kg6 {[%clk 00:09:40]} {[%emt 00:00:52]} 39. Nc6 {[%clk
00:10:51]} {[%emt 00:00:17]} Bc1 {[%clk 00:10:06]} {[%emt 00:00:05]} 40. b3
{[%clk 00:10:59]} {[%emt 00:00:22]} Kf6 {[%clk 00:10:10]} {[%emt 00:00:26]} 41.
Nxa5 {[%clk 00:11:17]} {[%emt 00:00:12]} Ke6 {[%clk 00:10:28]} {[%emt
00:00:13]} 42. Rc4 {[%clk 00:11:26]} {[%emt 00:00:21]} Bd2 {[%clk 00:10:33]}
{[%emt 00:00:25]} 43. Nc6 {[%clk 00:11:25]} {[%emt 00:00:30]} Kd5 {[%clk
00:10:06]} {[%emt 00:00:58]} 44. Rc2 {[%clk 00:11:43]} {[%emt 00:00:11]} Be1
{[%clk 00:10:30]} {[%emt 00:00:06]} 45. b4 {[%clk 00:11:58]} {[%emt 00:00:15]}
Bxb4 {[%clk 00:10:56]} {[%emt 00:00:04]} 46. Nxb4+ {[%clk 00:12:17]} {[%emt
00:00:12]} Ke4 {[%clk 00:11:21]} {[%emt 00:00:05]} 47. Rc7 {[%clk 00:12:04]}
{[%emt 00:00:43]} f4 {[%clk 00:11:27]} {[%emt 00:00:24]} 48. Rxh7 {[%clk
00:12:21]} {[%emt 00:00:12]} f3 {[%clk 00:11:53]} {[%emt 00:00:04]} 49. gxf3+
{[%clk 00:12:30]} {[%emt 00:00:21]} Kxf3 {[%clk 00:12:20]} {[%emt 00:00:03]}
50. Rg7 {[%clk 00:12:42]} {[%emt 00:00:18]} Ke4 {[%clk 00:12:40]} {[%emt
00:00:11]} 51. h4 {[%clk 00:13:04]} {[%emt 00:00:07]} Kd4 {[%clk 00:13:06]}
{[%emt 00:00:04]} 52. h5 {[%clk 00:13:24]} {[%emt 00:00:10]} Kc4 {[%clk
00:13:33]} {[%emt 00:00:04]} 53. h6 {[%clk 00:13:10]} {[%emt 00:00:43]} Kxb4
{[%clk 00:13:59]} {[%emt 00:00:04]} 54. h7 {[%clk 00:13:25]} {[%emt 00:00:16]}
Kc5 {[%clk 00:14:26]} {[%emt 00:00:03]} 55. h8=Q {[%clk 00:13:33]} {[%emt
00:00:21]} Kc4 {[%clk 00:14:51]} {[%emt 00:00:06]} 56. Qd8 {[%clk 00:13:37]}
{[%emt 00:00:24]} Kc5 {[%clk 00:15:16]} {[%emt 00:00:06]} 57. Rc7+ {[%clk
00:13:59]} {[%emt 00:00:08]} Kb6 {[%clk 00:15:42]} {[%emt 00:00:05]} 58. Qb8+
{[%clk 00:14:11]} {[%emt 00:00:17]} Ka5 {[%clk 00:16:10]} {[%emt 00:00:03]} 59.
Ra7# {[%clk 00:13:47]} {[%emt 00:00:21]} 1-0

[Event "DEM U14w 2025"]
[Site "Willingen GER"]
[Date "2025.06.09"]
[Round "3"]
[White "Fettan, Nua"]
[Black "Liu, Yuelin"]
[Result "1-0"]
[Termination "normal"]
[Board "14"]
[WhiteElo "1576"]
[BlackElo "972"]
[WhiteClock "00:20:27"]
[BlackClock "00:09:44"]
[PlyCount "67"]
[WhiteFideId "34637362"]
[BlackFideId "533035970"]
[EventCountry "GER"]
[EventRounds "9"]
[EventType "swiss"]
[EventDate "2025.06.07"]

1. e4 {[%clk 01:30:59]} e5 {[%clk 01:30:58]} {[%emt 00:00:02]} 2. Nf3 {[%clk
01:31:21]} {[%emt 00:00:08]} Nc6 {[%clk 01:31:15]} {[%emt 00:00:14]} 3. Bc4
{[%clk 01:31:42]} {[%emt 00:00:08]} Bc5 {[%clk 01:31:35]} {[%emt 00:00:10]} 4.
d3 {[%clk 01:32:07]} {[%emt 00:00:05]} h6 {[%clk 01:30:55]} {[%emt 00:01:10]}
5. c3 {[%clk 01:30:10]} {[%emt 00:02:27]} Nf6 {[%clk 01:30:37]} {[%emt
00:00:49]} 6. Nbd2 {[%clk 01:29:38]} {[%emt 00:01:02]} d5 {[%clk 01:26:34]}
{[%emt 00:04:33]} 7. exd5 {[%clk 01:22:13]} {[%emt 00:07:55]} Nxd5 {[%clk
01:26:30]} {[%emt 00:00:34]} 8. Qb3 {[%clk 01:19:40]} {[%emt 00:03:02]} Nce7
{[%clk 01:09:16]} {[%emt 00:17:44]} 9. Qb5+ {[%clk 01:16:35]} {[%emt 00:03:36]}
c6 {[%clk 01:04:21]} {[%emt 00:05:24]} 10. Qxc5 {[%clk 01:12:43]} {[%emt
00:04:21]} b5 {[%clk 00:53:27]} {[%emt 00:11:25]} 11. Bxd5 {[%clk 01:12:44]}
{[%emt 00:00:29]} cxd5 {[%clk 00:47:18]} {[%emt 00:06:39]} 12. Qxb5+ {[%clk
01:08:21]} {[%emt 00:04:54]} Bd7 {[%clk 00:46:03]} {[%emt 00:01:44]} 13. Qb3
{[%clk 01:08:14]} {[%emt 00:00:37]} Qc7 {[%clk 00:45:30]} {[%emt 00:01:03]} 14.
Qd1 {[%clk 01:03:18]} {[%emt 00:05:27]} Bg4 {[%clk 00:40:13]} {[%emt 00:05:47]}
15. Qa4+ {[%clk 00:59:23]} {[%emt 00:04:24]} Bd7 {[%clk 00:37:37]} {[%emt
00:03:06]} 16. Qc2 {[%clk 00:59:19]} {[%emt 00:00:34]} d4 {[%clk 00:33:54]}
{[%emt 00:04:13]} 17. c4 {[%clk 00:59:08]} {[%emt 00:00:41]} O-O {[%clk
00:30:46]} {[%emt 00:03:38]} 18. O-O {[%clk 00:55:14]} {[%emt 00:04:24]} Nd5
{[%clk 00:30:27]} {[%emt 00:00:49]} 19. a3 {[%clk 00:49:29]} {[%emt 00:06:15]}
Nf4 {[%clk 00:25:08]} {[%emt 00:05:49]} 20. Ne4 {[%clk 00:48:12]} {[%emt
00:01:46]} Qc8 {[%clk 00:22:43]} {[%emt 00:02:52]} 21. Bxf4 {[%clk 00:45:29]}
{[%emt 00:03:16]} exf4 {[%clk 00:20:08]} {[%emt 00:03:05]} 22. b4 {[%clk
00:39:19]} {[%emt 00:06:40]} Re8 {[%clk 00:20:01]} {[%emt 00:00:38]} 23. Nd6
{[%clk 00:39:34]} {[%emt 00:00:16]} Qc7 {[%clk 00:19:12]} {[%emt 00:01:15]} 24.
Nxe8 {[%clk 00:39:32]} {[%emt 00:00:35]} Rxe8 {[%clk 00:19:22]} {[%emt
00:00:20]} 25. Rfe1 {[%clk 00:38:30]} {[%emt 00:01:31]} Rd8 {[%clk 00:17:39]}
{[%emt 00:02:13]} 26. h3 {[%clk 00:30:58]} {[%emt 00:08:04]} Qd6 {[%emt
00:04:15]} 27. Re4 {[%clk 00:27:44]} Qg6 {[%clk 00:16:46]} {[%emt 00:01:14]}
28. Ne5 {[%clk 00:21:38]} {[%emt 00:06:44]} Qg5 {[%clk 00:13:53]} {[%emt
00:03:21]} 29. Nxd7 {[%clk 00:21:48]} {[%emt 00:00:21]} Rxd7 {[%clk 00:13:59]}
{[%emt 00:00:24]} 30. Qd2 {[%clk 00:21:50]} {[%emt 00:00:27]} Rd6 {[%clk
00:12:00]} {[%emt 00:02:29]} 31. Qxf4 {[%clk 00:21:30]} {[%emt 00:00:51]} Qg6
{[%clk 00:10:40]} {[%emt 00:01:45]} 32. Rxd4 {[%clk 00:20:33]} {[%emt
00:01:31]} Rf6 {[%clk 00:10:31]} {[%emt 00:00:39]} 33. Qe4 {[%clk 00:20:51]}
{[%emt 00:00:13]} Qg5 {[%clk 00:09:44]} {[%emt 00:01:08]} 34. Rd8# {[%clk
00:20:27]} {[%emt 00:00:32]} 1-0

[Event "DEM U14w 2025"]
[Site "Willingen GER"]
[Date "2025.06.10"]
[Round "4"]
[White "Jordan, Christina"]
[Black "Wagner, Cosima Thien-An"]
[Result "1-0"]
[Termination "normal"]
[Board "1"]
[WhiteElo "1815"]
[BlackElo "1835"]
[WhiteClock "00:20:49"]
[BlackClock "00:04:11"]
[PlyCount "65"]
[WhiteFideId "1347977"]
[BlackFideId "34603484"]
[EventCountry "GER"]
[EventRounds "9"]
[EventType "swiss"]
[EventDate "2025.06.07"]

1. e4 {[%clk 01:30:57]} {[%emt 00:00:03]} c5 {[%clk 01:30:59]} {[%emt
00:00:02]} 2. Nf3 {[%clk 01:31:18]} {[%emt 00:00:08]} g6 {[%clk 01:31:26]}
{[%emt 00:00:03]} 3. d4 {[%clk 01:31:35]} {[%emt 00:00:13]} cxd4 {[%clk
01:31:53]} {[%emt 00:00:03]} 4. Nxd4 {[%clk 01:31:59]} {[%emt 00:00:06]} Bg7
{[%clk 01:32:19]} {[%emt 00:00:03]} 5. c4 {[%clk 01:32:21]} {[%emt 00:00:07]}
Nc6 {[%clk 01:32:46]} {[%emt 00:00:04]} 6. Be3 {[%clk 01:32:43]} {[%emt
00:00:08]} Nf6 {[%clk 01:33:11]} {[%emt 00:00:05]} 7. Nc3 {[%clk 01:33:06]}
{[%emt 00:00:07]} Ng4 {[%clk 01:31:41]} {[%emt 00:02:00]} 8. Qxg4 {[%clk
01:33:03]} {[%emt 00:00:32]} Nxd4 {[%clk 01:32:07]} {[%emt 00:00:04]} 9. Qd1
{[%clk 01:33:18]} {[%emt 00:00:15]} Nc6 {[%clk 01:31:30]} {[%emt 00:01:07]} 10.
Rc1 {[%clk 01:30:57]} {[%emt 00:02:51]} O-O {[%clk 01:31:44]} {[%emt 00:00:16]}
11. Qd2 {[%clk 01:30:43]} {[%emt 00:00:44]} d6 {[%clk 01:30:38]} {[%emt
00:01:36]} 12. Be2 {[%clk 01:28:35]} {[%emt 00:02:38]} b6 {[%clk 01:18:52]}
{[%emt 00:12:17]} 13. f3 {[%clk 01:25:39]} {[%emt 00:03:25]} Qd7 {[%clk
01:18:55]} {[%emt 00:00:23]} 14. b3 {[%clk 01:21:22]} {[%emt 00:04:52]} Nd8
{[%clk 01:12:35]} {[%emt 00:06:50]} 15. O-O {[%clk 01:17:15]} {[%emt 00:04:36]}
Ne6 {[%clk 01:10:44]} {[%emt 00:02:22]} 16. f4 {[%clk 01:02:50]} {[%emt
00:14:55]} Nc5 {[%clk 01:06:55]} {[%emt 00:04:19]} 17. Bf3 {[%clk 00:55:48]}
{[%emt 00:07:32]} Bb7 {[%clk 01:04:09]} {[%emt 00:03:17]} 18. f5 {[%clk
00:48:35]} {[%emt 00:07:43]} e6 {[%clk 00:40:25]} {[%emt 00:24:13]} 19. Bh6
{[%clk 00:44:05]} {[%emt 00:05:00]} Qe7 {[%clk 00:28:02]} {[%emt 00:12:53]} 20.
Bxg7 {[%clk 00:27:43]} {[%emt 00:16:51]} Kxg7 {[%clk 00:28:29]} {[%emt
00:00:02]} 21. b4 {[%clk 00:25:44]} {[%emt 00:02:29]} Nd7 {[%clk 00:20:46]}
{[%emt 00:08:14]} 22. e5 {[%clk 00:25:22]} {[%emt 00:00:52]} Bxf3 {[%clk
00:09:09]} {[%emt 00:12:07]} 23. f6+ {[%clk 00:24:22]} {[%emt 00:01:30]} Nxf6
{[%clk 00:09:34]} {[%emt 00:00:05]} 24. exf6+ {[%clk 00:24:49]} {[%emt
00:00:03]} Qxf6 {[%clk 00:09:52]} {[%emt 00:00:12]} 25. Rxf3 {[%clk 00:25:13]}
{[%emt 00:00:06]} Qe7 {[%clk 00:10:07]} {[%emt 00:00:15]} 26. Ne4 {[%clk
00:24:09]} {[%emt 00:01:33]} Rad8 {[%clk 00:08:44]} {[%emt 00:01:53]} 27. Nf6
{[%clk 00:23:47]} {[%emt 00:00:51]} Rc8 {[%clk 00:06:06]} {[%emt 00:03:09]} 28.
Qg5 {[%clk 00:23:45]} {[%emt 00:00:32]} Qd8 {[%clk 00:03:59]} {[%emt 00:02:37]}
29. Rh3 {[%clk 00:19:50]} {[%emt 00:04:25]} h6 {[%clk 00:04:12]} {[%emt
00:00:17]} 30. Rxh6 {[%clk 00:19:36]} {[%emt 00:00:44]} Rh8 {[%clk 00:03:50]}
{[%emt 00:00:52]} 31. Nh5+ {[%clk 00:19:56]} {[%emt 00:00:10]} Kg8 {[%clk
00:03:45]} {[%emt 00:00:35]} 32. Rxh8+ {[%clk 00:20:22]} {[%emt 00:00:04]} Kxh8
{[%clk 00:04:11]} {[%emt 00:00:05]} 33. Qh6+ {[%clk 00:20:49]} {[%emt
00:00:03]} 1-0

[Event "DEM U14w 2025"]
[Site "Willingen GER"]
[Date "2025.06.10"]
[Round "4"]
[White "Czäczine, Paula"]
[Black "Rössling, Laura Marie"]
[Result "1-0"]
[Termination "normal"]
[Board "2"]
[WhiteElo "1965"]
[BlackElo "1760"]
[WhiteClock "00:13:18"]
[BlackClock "00:19:07"]
[PlyCount "93"]
[WhiteFideId "16249305"]
[BlackFideId "16289471"]
[EventCountry "GER"]
[EventRounds "9"]
[EventType "swiss"]
[EventDate "2025.06.07"]

1. e4 {[%clk 01:30:57]} {[%emt 00:00:02]} e5 {[%clk 01:30:51]} {[%emt
00:00:09]} 2. Nf3 {[%clk 01:31:23]} {[%emt 00:00:04]} Nc6 {[%clk 01:31:14]}
{[%emt 00:00:07]} 3. d4 {[%clk 01:31:48]} {[%emt 00:00:05]} exd4 {[%clk
01:31:34]} {[%emt 00:00:10]} 4. Bc4 {[%clk 01:32:12]} {[%emt 00:00:06]} Bc5
{[%clk 01:30:25]} {[%emt 00:01:39]} 5. c3 {[%clk 01:32:17]} {[%emt 00:00:25]}
Nf6 {[%clk 01:30:25]} {[%emt 00:00:30]} 6. e5 {[%clk 01:32:27]} {[%emt
00:00:20]} d5 {[%clk 01:30:34]} {[%emt 00:00:21]} 7. Bb5 {[%clk 01:32:45]}
{[%emt 00:00:12]} Ne4 {[%clk 01:30:54]} {[%emt 00:00:11]} 8. cxd4 {[%clk
01:33:01]} {[%emt 00:00:14]} Bb6 {[%clk 01:31:17]} {[%emt 00:00:08]} 9. Be3
{[%clk 01:33:12]} {[%emt 00:00:17]} O-O {[%clk 01:27:05]} {[%emt 00:04:43]} 10.
Nc3 {[%clk 01:32:33]} {[%emt 00:01:09]} Bg4 {[%clk 01:27:14]} {[%emt 00:00:21]}
11. h3 {[%clk 01:32:27]} {[%emt 00:00:36]} Bh5 {[%clk 01:27:37]} {[%emt
00:00:07]} 12. Qc2 {[%clk 01:32:33]} {[%emt 00:00:24]} Bg6 {[%clk 01:27:49]}
{[%emt 00:00:18]} 13. Qb3 {[%clk 01:32:33]} {[%emt 00:00:30]} Ne7 {[%clk
01:22:46]} {[%emt 00:05:33]} 14. O-O {[%clk 01:26:14]} {[%emt 00:06:50]} c6
{[%clk 01:21:51]} {[%emt 00:01:25]} 15. Bd3 {[%clk 01:18:34]} {[%emt 00:08:10]}
Nd2 {[%clk 01:18:18]} {[%emt 00:04:03]} 16. Bxd2 {[%clk 01:13:12]} {[%emt
00:05:51]} Bxd3 {[%clk 01:12:17]} {[%emt 00:06:31]} 17. Rfe1 {[%clk 01:11:44]}
{[%emt 00:01:58]} Bg6 {[%clk 01:08:41]} {[%emt 00:04:06]} 18. Bg5 {[%clk
01:02:21]} {[%emt 00:09:53]} h6 {[%clk 00:52:35]} {[%emt 00:16:36]} 19. Bh4
{[%clk 00:58:30]} {[%emt 00:04:21]} Bf5 {[%clk 00:50:56]} {[%emt 00:02:10]} 20.
g4 {[%clk 00:48:55]} {[%emt 00:10:04]} Be6 {[%clk 00:46:59]} {[%emt 00:04:27]}
21. Qc2 {[%clk 00:41:05]} {[%emt 00:08:20]} Qd7 {[%clk 00:36:02]} {[%emt
00:11:26]} 22. Qd3 {[%clk 00:33:40]} {[%emt 00:07:55]} Ng6 {[%clk 00:32:46]}
{[%emt 00:03:46]} 23. Bg3 {[%clk 00:32:02]} {[%emt 00:02:09]} Bd8 {[%clk
00:30:05]} {[%emt 00:03:10]} 24. Re3 {[%clk 00:25:23]} {[%emt 00:07:09]} Bg5
{[%clk 00:25:55]} {[%emt 00:04:40]} 25. Nxg5 {[%clk 00:24:00]} {[%emt
00:01:53]} hxg5 {[%clk 00:26:17]} {[%emt 00:00:08]} 26. Ne2 {[%clk 00:18:41]}
{[%emt 00:05:49]} f5 {[%clk 00:16:25]} {[%emt 00:10:22]} 27. exf6 {[%clk
00:16:23]} {[%emt 00:02:49]} Rxf6 {[%clk 00:16:38]} {[%emt 00:00:17]} 28. Be5
{[%clk 00:15:00]} {[%emt 00:01:52]} Nxe5 {[%clk 00:15:21]} {[%emt 00:01:47]}
29. dxe5 {[%clk 00:14:17]} {[%emt 00:01:13]} Rf7 {[%clk 00:15:09]} {[%emt
00:00:41]} 30. Qg6 {[%clk 00:12:33]} {[%emt 00:02:14]} d4 {[%clk 00:08:22]}
{[%emt 00:07:18]} 31. Rd3 {[%clk 00:10:13]} {[%emt 00:02:50]} c5 {[%clk
00:06:43]} {[%emt 00:02:09]} 32. Rc1 {[%clk 00:10:03]} {[%emt 00:00:40]} Qe7
{[%clk 00:06:01]} {[%emt 00:01:12]} 33. Ng3 {[%clk 00:08:57]} {[%emt 00:01:37]}
Rd8 {[%clk 00:04:23]} {[%emt 00:02:07]} 34. b3 {[%clk 00:07:55]} {[%emt
00:01:32]} Bd7 {[%clk 00:02:44]} {[%emt 00:02:10]} 35. Re1 {[%clk 00:06:23]}
{[%emt 00:02:02]} Be6 {[%clk 00:02:01]} {[%emt 00:01:13]} 36. Ne4 {[%clk
00:05:37]} {[%emt 00:01:15]} Rf4 {[%clk 00:01:04]} {[%emt 00:01:26]} 37. Nxg5
{[%clk 00:04:50]} {[%emt 00:01:17]} Re8 {[%clk 00:01:15]} {[%emt 00:00:20]} 38.
Qh7+ {[%clk 00:03:42]} {[%emt 00:01:38]} Kf8 {[%clk 00:01:38]} {[%emt
00:00:08]} 39. Qh8+ {[%clk 00:02:00]} {[%emt 00:02:11]} Bg8 {[%clk 00:02:01]}
{[%emt 00:00:07]} 40. Nh7+ {[%clk 00:01:28]} {[%emt 00:01:03]} Kf7 {[%clk
00:02:26]} {[%emt 00:00:05]} 41. e6+ {[%clk 00:17:33]} {[%emt 00:14:25]} Kg6
{[%clk 00:27:37]} {[%emt 00:05:19]} 42. Nf8+ {[%clk 00:16:13]} {[%emt
00:01:50]} Qxf8 {[%clk 00:23:53]} {[%emt 00:04:14]} 43. Qh5+ {[%clk 00:14:34]}
{[%emt 00:02:08]} Kf6 {[%clk 00:23:57]} {[%emt 00:00:26]} 44. Qe5+ {[%clk
00:13:31]} {[%emt 00:01:33]} Kg6 {[%clk 00:20:36]} {[%emt 00:03:51]} 45. e7
{[%clk 00:12:50]} {[%emt 00:01:10]} Qf7 {[%clk 00:19:15]} {[%emt 00:01:52]} 46.
Qh5+ {[%clk 00:13:00]} {[%emt 00:00:20]} Kf6 {[%clk 00:19:07]} {[%emt
00:00:38]} 47. g5+ {[%clk 00:13:18]} 1-0